Alberta Premiers - Statistics

General Stats
  • This quiz has been taken 46 times
  • The average score is 11 of 20
Answer Stats
Dates Party Affiliation Answer % Correct
2022-Present United Conservative Danielle Smith
100%
2019-2022 United Conservative Jason Kenney
100%
2015-2019 New Democrat Rachel Notley
100%
1992-2006 Progressive Conservative Ralph Klein
85%
2011-2014 Progressive Conservative Alison Redford
78%
1971-1985 Progressive Conservative Peter Lougheed
74%
2014-2015 Progressive Conservative Jim Prentice
70%
2006-2011 Progressive Conservative Ed Stelmach
67%
1943-1968 Social Credit Ernest Manning
67%
1985-1992 Progressive Conservative Don Getty
63%
1935-1943 Social Credit William Aberhart
59%
1905-1910 Liberal Alexander Rutherford
52%
1968-1971 Social Credit Harry Strom
44%
2014 Progressive Conservative (Interim) Dave Hancock
37%
1925-1934 United Farmers John E. Brownlee
37%
1921-1925 United Farmers Herbert Greenfield
26%
1910-1917 Liberal Arthur Sifton
22%
1934-1935 United Farmers Richard Reid
19%
1917-1921 Liberal Charles Stewart
15%
1921 United Farmers (Caretaker) Henry Wise Wood
11%
No matching quizzes found
Score Distribution
Percent of People with Each Score
Percentile by Number Answered
Your Score History
You have not taken this quiz